000 00503nam a2200217Ia 4500
003 OSt
005 20221005121652.0
006 a|||||r|||| 00| 0
007 ta
008 221004b |||||||| |||| 00| 0 eng d
024 _a23591
037 _cTextual
040 _aCRL
_cCRL
_beng
041 _2eng
_aeng
082 _aOxk, N6
245 0 _aHope
_b A gift to cherish
260 _c1996
650 _aENGLISH LITERATURE
942 _hOxk, N6
_cTEXL
_2cc
999 _c1041886
_d1041886